000 00547nam a2200169Ia 4500
999 _c21946
_d21946
003 OSt
005 20200515135159.0
008 190216s9999||||xx |||||||||||||| ||und||
040 _coclc
082 _a915.40335
_bAME/M
100 _aAli, Syed Ameer
_92190
245 0 _aMemoirs And Other Writings Of Syed Ameer Ali /
_cSyed Ameer Ali
260 _bPeoples Pub.House,
_c1968.
_aLahore:
300 _a362p
650 0 _aHistory & geography
_92271
_vIslamic History
942 _cBK
_2ddc
_h915.40335
_iAME/M
_k915.40335
_mAME/M